NBA team quizzes Orlando Magic - Statistics

General Stats
  • This quiz has been taken 34 times
  • The average score is 11 of 14
Answer Stats
Hint Answer % Correct
how many rings do they have 0
96%
how many finals appearances do they have 2
96%
scoring leader Dwight Howard
96%
rebounds leader Dwight Howard
96%
blocks leader Dwight Howard
96%
when was their most recent ring (say never if they didn't get one) never
96%
how many jerseys have they retired 1
93%
who was the most recent jersey retirement (say none if they didn't retire any) Shaquille O'neal
89%
what number did Dwight Howard wear for the Magic 12
82%
what number did Shaq wear for the Magic 32
79%
how many assists did he get 30
71%
what NBA player had the most assists in a game (they were in the magic at the time) Scott Skiles
61%
assists leader Jameer Nelson
29%
steals leader Nick Anderson
11%
No matching quizzes found
Score Distribution
Percent of People with Each Score
Percentile by Number Answered
Your Score History
You have not taken this quiz